FASHION: THE ULTIMATE BOOK OF COSTUME & TEXTILE (Record no. 13435)

MARC details
000 -LEADER
fixed length control field 00267nam a22001217a 4500
003 - CONTROL NUMBER IDENTIFIER
control field SGT
082 ## - DEWEY DECIMAL CLASSIFICATION NUMBER
Classification number 746.92
Item number FAS
100 ## - MAIN ENTRY--PERSONAL NAME
Personal name FASHION, DK
245 ## - TITLE STATEMENT
Title FASHION: THE ULTIMATE BOOK OF COSTUME & TEXTILE
260 ## - PUBLICATION, DISTRIBUTION, ETC. (IMPRINT)
Name of publisher, distributor, etc DK LONDON
Year of Publication 2012
300 ## - PAGE DESCRIPTION
No. of Pages 480
942 ## - ADDED ENTRY ELEMENTS (KOHA)
Source of classification or shelving scheme Dewey Decimal Classification
Koha item type Books
Holdings
Withdrawn status Lost status Source of classification or shelving scheme Damaged status Not for loan Home library Current library Shelving location Date acquired Cost, normal purchase price SGTU Bill Number Full call number Accession No. (Barcode) Date last seen Bill Date Koha item type
    Dewey Decimal Classification   Not For Loan SGT Science & Social Sciences Library SGT Science & Social Sciences Library Reference Book 16/09/2017 1699.00 SGTU 02854 746.92 FAS FF425 16/09/2017 16/09/2017 Books